Bladee Lyrics #1 - Statistics

General Stats
  • This quiz has been taken 204 times
  • The average score is 6 of 10
Answer Stats
Hint Answer % Correct
I'm going trash star crazy Hotel Breakfast
87%
I can't even trust myself when the night comes / Four doors, red or blue, pick the right one Obedient
76%
High like Fuji / I wonder if you're lonely Unreal
72%
Build it just to watch it fall apart / Looking for the arrow when you shoot Reality Surf
60%
Eons at a time, endlessly forever shine egobaby
57%
Snowboard on my MasterCard / I shine like a star Spellbound
51%
I'm under your spell and this is my cell / I know it too well TL;DR
51%
Be awake, forever for you, I wait / It's okay, it's okay, to go away Sugar
43%
I'm but a shell, baby, the hero is the soul The Flag is Raised
38%
When I think 'bout you baby, my eyes turn black / And I still think about you and I can't go back First Crush
30%
No matching quizzes found
Score Distribution
Percent of People with Each Score
Percentile by Number Answered
Your Score History
You have not taken this quiz